| 000 | 01336cam a22003737a 4500 | ||
|---|---|---|---|
| 003 | CHAP | ||
| 005 | 20220817043942.0 | ||
| 008 | 040624d2003 mx r 00110 spa d | ||
| 010 | _a88588 | ||
| 011 | _a89560 | ||
| 035 | _a100111 | ||
| 040 | _cCHAP | ||
| 090 | _aTesis | ||
| 100 | 0 | 0 |
_aUlacio Osorio, Dilcia Milagro _9116044 |
| 245 | 1 | 0 |
_aSecuencia de estrategias para el manejo de (Sclerotium cepivorum Berk.) y predicción de la pudrición blanca en ajo (Allium sativum L.) _c/por Dilcia Milagro Ulacio Osorio |
| 260 |
_aMontecillo, Méx. : _bEl autor, _c2003. |
||
| 300 | _a130 h. | ||
| 502 | _aTesis (Dra. en Ciencias) -- CP. Instituto de Fitosanidad. Programa Fitopatología | ||
| 590 |
_aALEPH _b10 _c20130110 _lUCH01 _h1459 |
||
| 590 |
_aBATCH-UPD _b10 _c20130109 _lUCH01 _h2308 |
||
| 590 |
_aBATCH-UPD _b10 _c20130110 _lUCH01 _h0754 |
||
| 590 |
_aBATCH-UPD _b10 _c20130410 _lUCH01 _h0434 |
||
| 590 |
_aBATCH-UPD _b10 _c20130913 _lUCH01 _h2338 |
||
| 590 |
_aCONVERSION _b10 _c20130109 _lUCH01 _h1349 |
||
| 650 | 1 | 4 |
_aAjo _xEnfermedades. _93184 |
| 650 | 1 | 4 |
_aGallinaza. _944445 |
| 650 | 1 | 4 |
_aRotación de cultivos. _9100243 |
| 650 | 1 | 4 |
_aSclerotium cepivorum. _9103343 |
| 650 | 1 | 4 | _aVermicompost. |
| 901 | _aBK | ||
| 905 | _aAlejandra Carrasco M. | ||
| 942 | _cTESIS | ||
| 949 |
_aTesis _bBC _cTES _d1001111 _eTS1 _h42208 _i100111 _sb |
||
| 999 |
_c88588 _d88588 |
||